000 00230nam a2200097Ia 4500
001 929606
005 20250826191657.0
008 250824s9999 xx 000 0 und d
245 0 _aUÇAN SU
_cCAHİT UÇUK
260 _bBİLGE YAYINLARI
999 _c929606
_d929606